Normal view MARC view
  • Negociación en empresas

Entry Materia

Number of records used in: 8

001 - NÚMERO DE CONTROL DEL REGISTRO

  • campo de control: 5306

003 - IDENTIFICADOR DE NUMERO DE CONTROL

  • campo de control: UPN

005 - FECHA Y HORA DE LA ÚLTIMA TRANSACCIÓN

  • campo de control: 20230419124332.0

008 - DATOS DE LONGITUD FIJA

  • campo de control de longitud fija: 230419nn anannbabn n ana |d

035 ## - NÚMERO DE CONTROL DEL SISTEMA

  • Número de control del sistema: UPN10000005306

040 ## - FUENTE DE LA CATALOGACIÓN

  • Lengua de catalogación: spa
  • Centro catalogador de origen: MX-MxUPN

046 ## - FECHAS CON CODIFICACIÓN ESPECIAL

  • Fecha final para contenidos agregados: 2023

053 #4 - NÚMERO CLASIFICADOR - BIBLIOTECA DEL CONGRESO (LC)

  • Elemento numérico de la clasificación - Número único o no. inicial del rango: HD58.6

150 ## - ENCABEZAMIENTO - TEMÁTICO

  • Término de materia o nombre geográfico como elemento inicial: Negociación en empresas

670 ## - FUENTE EN LA QUE SE LOCALIZARON DATOS

  • Cita de la fuente: Library of Congress Subject Headings, 2022
  • Información localizada: página N-104 (Negotiation in business)
  • Identificador Uniforme del Recurso: https://www.loc.gov/aba/publications/FreeLCSH/N.pdf

902 ## - CATALOGADOR

  • Catalogador: MITM/071106
  • Catalogador: VíctorGodínez/190423